শেখ ফজলল করিম, ১৮৮২-১৯৩৬ / (Record no. 38947)
[ view plain ]
| 000 -LEADER | |
|---|---|
| fixed length control field | 01378nam a2200289 a 4500 |
| 001 - CONTROL NUMBER | |
| control field | 38947 |
| 003 - CONTROL NUMBER IDENTIFIER | |
| rucl marc code | BD-RjUL |
| 005 - DATE AND TIME OF LATEST TRANSACTION | |
| control field | 20211209052905.0 |
| 008 - FIXED-LENGTH DATA ELEMENTS--GENERAL INFORMATION | |
| fixed length control field | 190323s1971 bg |||| |||| 000 0dben d |
| 020 ## - INTERNATIONAL STANDARD BOOK NUMBER | |
| Terms of availability | : PRs. 1.00 |
| 035 ## - SYSTEM CONTROL NUMBER | |
| System control number | (BD-RjUL) 39057 |
| 040 ## - CATALOGING SOURCE | |
| Original cataloging agency | BD-RjUL |
| Language of cataloging | ben/eng |
| Transcribing agency | BD-RjUL |
| 041 ## - LANGUAGE CODE | |
| Language code of text/sound track or separate title | ben |
| 082 ## - DEWEY DECIMAL CLASSIFICATION NUMBER | |
| Edition number | 23 |
| Classification number | 891.44092 |
| Author mark and year | SAS 1971 |
| 100 1# - MAIN ENTRY--PERSONAL NAME | |
| Personal name | সাকলায়েন, গোলাম |
| 9 (RLIN) | 116893 |
| 245 10 - TITLE STATEMENT | |
| Title | শেখ ফজলল করিম, ১৮৮২-১৯৩৬ / |
| Statement of responsibility, etc. | গোলাম সাকলায়েন |
| 260 ## - PUBLICATION, DISTRIBUTION, ETC. (IMPRINT) | |
| Place of publication, distribution, etc. | ঢাকা: |
| Name of publisher, distributor, etc. | কেন্দ্রীয় বাংলা-উন্নয়ন বোর্ড, |
| Date of publication, distribution, etc. | ১৯৭১. |
| 300 ## - PHYSICAL DESCRIPTION | |
| Pagination | [৬], ৫২ পৃ. : |
| Illustrations | চিত্র ; |
| Size | ২২ সেমি. |
| 490 ## - SERIES STATEMENT | |
| Series statement | সাহিত্য-সাধক পরিচিতি গ্রন্থমালা ; |
| Volume/sequential designation | ৮ |
| 504 ## - BIBLIOGRAPHY, ETC. NOTE | |
| Bibliography, etc | গ্রন্থপঞ্জী সংযুক্ত |
| 600 ## - SUBJECT ADDED ENTRY--PERSONAL NAME | |
| Personal name | শেখ ফজলল করিম, |
| Dates associated with a name | ১৮৮২-১৯৩৬ |
| General subdivision | জীবনী |
| Personal name | Shaikh Fazlal Karim, |
| Dates associated with a name | 1882-1936 |
| General subdivision | Biography |
| 650 ## - SUBJECT ADDED ENTRY--TOPICAL TERM | |
| Topical term or geographic name as entry element | বাংলা সাহিত্য |
| General subdivision | জীবনী |
| 9 (RLIN) | 229550 |
| Topical term or geographic name as entry element | Bengali Literature |
| General subdivision | Biography |
| 9 (RLIN) | 229551 |
| 830 ## - SERIES ADDED ENTRY--UNIFORM TITLE | |
| Uniform title | সাহিত্য-সাধক পরিচিতি গ্রন্থমালা ; |
| Volume number/sequential designation | ৮ |
| 942 ## - ADDED ENTRY ELEMENTS (KOHA) | |
| Source of classification or shelving scheme | Dewey Decimal Classification |
| Koha item type | Books |
| Lost status | Source of classification or shelving scheme | Damaged status | Not for loan | Collection code | Permanent Location | Current Location | Shelving location | Date acquired | Source of acquisition | Cost, normal purchase price | Total Checkouts | Full call number | Date last seen | Copy number | Koha item type | Date checked out |
|---|---|---|---|---|---|---|---|---|---|---|---|---|---|---|---|---|
| Dewey Decimal Classification | Not For Loan | Non-fiction | Central Library, University of Rajshahi | Central Library, University of Rajshahi | Reading Room | 11/09/1973 | Nowroze Kitabistan | 1.00 | B 891.44092 SAS 1971 | 23/03/2019 | C-1 | Books | ||||
| Dewey Decimal Classification | Non-fiction | Central Library, University of Rajshahi | Central Library, University of Rajshahi | 11/09/1973 | Nowroze Kitabistan | 1.00 | 1 | B 891.44092 SAS 1971 | 04/11/2024 | C-2 | Books | 11/09/2024 | ||||
| Dewey Decimal Classification | Not For Loan | Non-fiction | Central Library, University of Rajshahi | Central Library, University of Rajshahi | 11/09/1973 | Nowroze Kitabistan | 1.00 | B 891.44092 SAS 1971 | 23/03/2019 | C-3 | Books |